Sutamarchán : (Registro nro. 6980)

Detalles MARC
000 -CABECERA
Campo de control 00781nam a2200205 a 4500
005 - FECHA Y HORA DE LA ULTIMA TRANSACCION
Campo de control 20161214172544.0
008 - ELEMENTOS DE LONGITUD FIJA—INFORMACION GENERAL
Campo de control 161214s2002 ck d||||r|||| 00| 0 spa d
040 ## - FUENTE DE CATALOGACIÓN
Agencia catalogadora original CO-BoIAVH
Agencia transcriptora CO-BoIAVH
041 0# - IDIOMA
Código de idioma para texto/pista de sonido o título separado Español
044 ## - PAÍS DE PUBLICACIÓN
País de publicación Colombia
090 ## - CLASIFICACIÓN LOCAL
Colección EA-
Consecutivo 413
245 00 - MENCION DE TITULO
Título Sutamarchán :
Parte restante del título agendas ambientales municipales /
260 ## - PUBLICACION, DISTRIBUCION, ETC. (PIE DE IMPRENTA)
Lugar de publicación, distribución, etc. Villa de Leyva (Boyacá, Colombia) :
Nombre del editor, distribuidor, etc. Corporación Colegio Verde de Villa de Leyva :
-- Ecofondo,
Fecha de publicación, distribución, etc. 2002.
300 ## - DESCRIPCION FISICA
Extensión 28 páginas aproximadamente sin numerar :
Otros detalles físicos tablas ;
Dimensiones 28 x 22 cm.
490 0# - MENCION DE SERIE
Mención de serie Cuadernos verdes
650 26 - ASIENTO SECUNDARIO DE MATERIA - TERMINO TEMATICO
Término temático o nombre geográfico como elemento de entrada Protección ambiental
Subdivisión geográfica Sutamarchán (Boyacá, Colombia)
Subdivisión de forma Agenda
9 (RLIN) 77861
650 26 - ASIENTO SECUNDARIO DE MATERIA - TERMINO TEMATICO
Término temático o nombre geográfico como elemento de entrada Educación ambiental
Subdivisión geográfica Sutamarchán (Boyacá, Colombia)
9 (RLIN) 77862
662 ## - ASIENTO SECUNDARIO DE MATERIA - JERARQUIA DEL NOMBRE DE LUGAR(
País o entidad mayor Colombia
Ciudad Sutamarchán
Jurisdicción política de primer orden Boyacá
942 ## - ELEMENTOS ADICIONALES (KOHA)
Tipo de ítem Folleto
Sistema de clasificación Local
Existencias
Withdrawn status Lost status Sistema de Clasificación Damaged status No para préstamo Colección Inventariado Ubicación Permanente Ubicación actual Fecha de adquisición Fuente de Valor Total Checkouts Número topográfico Inventario / Código de Barras Date last seen Ejemplar Price effective from Forma de adquisición Tipo de material
    Local     Humboldt Inventariado 2017 Villa de Leyva Villa de Leyva 06/07/2009 Cavelier, Inés   EA-413 027315 04/12/2012 Ej. 1 04/12/2012 Institucional Libro